| 000 | 00339 a2200145 4500 | ||
|---|---|---|---|
| 001 | 165767 | ||
| 020 | _a | ||
| 040 | _cMagnum | ||
| 100 | _aGallo, Silvio Et Al. | ||
| 240 | 1 | 0 |
_aEtica e cidadania: caminhos da filosofia _lpor |
| 245 | 1 | 0 | _aEtica e cidadania: caminhos da filosofia |
| 362 | 0 | _a1899 | |
| 697 | _aFILOSOFIA | ||
| 942 | _cBK | ||
| 999 |
_c165767 _d165767 |
||